रवीन्द्रनाथ त्यागीः प्रतिनिधि रचनाएं / (Record no. 69371)

MARC details
000 -LEADER
fixed length control field 00917nam a22002537a 4500
005 - DATE AND TIME OF LATEST TRANSACTION
control field 20120827151015.0
008 - FIXED-LENGTH DATA ELEMENTS--GENERAL INFORMATION
fixed length control field 080929t xxu||||| |||| 00| 0 hin d
010 ## - LCCN (DPL NO)
LC control number HIN-96515
020 ## - INTERNATIONAL STANDARD BOOK NUMBER
International Standard Book Number 9788176672580
Terms of availability 500.00
035 ## - SYSTEM CONTROL NUMBER
System control number HN-68861
037 ## - SOURCE OF ACQUISITION
Source of stock number/acquisition DBAD / PUB
040 ## - CATALOGING SOURCE
Original cataloging agency DPL
Language of cataloging HN
082 ## - DEWEY DECIMAL CLASSIFICATION NUMBER
Classification number 820.8
100 ## - MAIN ENTRY--PERSONAL NAME
9 (RLIN) 26640
Personal name गोयनका, कमलकिशोर
245 ## - TITLE STATEMENT
Title रवीन्द्रनाथ त्यागीः प्रतिनिधि रचनाएं /
Statement of responsibility, etc कमलकिशोर गोयनका
260 ## - PUBLICATION, DISTRIBUTION, ETC. (IMPRINT)
Place of publication, distribution, etc दिल्ली
Name of publisher, distributor, etc भावना प्रकाशन
Date of publication, distribution, etc 2011
270 ## - ADDRESS
Address 109-ए, पटपड़गंज
City दिल्ली
Postal code 110091
Telephone number 22756734
300 ## - PHYSICAL DESCRIPTION
Extent 400पृ.
Dimensions 22सेमी (सजिल्द)
650 ## - SUBJECT ADDED ENTRY--TOPICAL TERM
9 (RLIN) 697
650 ## - SUBJECT ADDED ENTRY--TOPICAL TERM
9 (RLIN) 51527
700 ## - ADDED ENTRY--PERSONAL NAME
9 (RLIN) 26643
710 ## - ADDED ENTRY--CORPORATE NAME
9 (RLIN) 26662
942 ## - ADDED ENTRY ELEMENTS (KOHA)
Source of classification or shelving scheme Dewey Decimal Classification
Item type Hindi Books
Classification part 820.8
Call number suffix गोयन

No items available.


© Delhi Public Library
Hit Counter
free hit counter